00000000nam##2200000za#4500
0019.679493
003CaOODSP
00520200328192630
007ta
008150407|1995||||xxc|||||     f|0| 0 fre|d
020 |a0-662-80121-0
040 |aCaOODSP|bfre
043 |an-cn---
0861 |aCH4-1/8-1995F
1101 |aCanada. |bPatrimoine canadien.
24510|aÉtude sur les effets de la violence télévisuelle sur les enfants, selon leur âge / |cpar Wendy L. Josephson.
260 |aOttawa - Ontario : |bPatrimoine canadien |c1995.
300 |a74p.|bréférences
500 |aSommaire: Résumé.--Introduction.--Bébés (de la naissance à 18 mois).--Bambins (de 18 mois à 3 ans).--Petite enfance ou âge préscolaire (de 3 à 5 ans).--Äge de l'école primaire ou seconde enfance (de 6 à 11 ans).--Adolescence (de 12 à 17 ans).--Conclusion.--Annexe I: Effets de la violence télévisuelle sur les groupes particulièrement vulnérables.--Annexe II: Réactions aux critiques fréquemment formulées contre la recherche sur la violence et l'agressivité à la télévision.--Annexe III: Recherche sur les jeux vidéo violents.
546 |aBilingue
563 |aCouverture souple
590 |a95-25|b1995-06-23
69107|aTélévision|2gcpds
69107|aViolence|2gcpds
7201 |aJosephson, Wendy L.
77508|tTelevision violence : |w(CaOODSP)9.645871
7760#|tÉtude sur les effets de la violence télévisuelle sur les enfants, selon leur âge / |w(CaOODSP)9.640495